Amazon... vai Niili? - Statistics

Yleistilastot
  • Tätä visaa on pelattu 25 kertaa
  • Keskiarvotulos 12 / 16
Vastaustilastot
Kysymys Vastaus % Oikein
On Etelä-Amerikassa Amazon
100%
Jonka läpi virtaa enemmän vettä Amazon
100%
On piraijoita Amazon
100%
Laskee välimereen Niili
100%
On enemmän sivujokia Amazon
88%
Omaa saman nimen yrityksen kanssa, jonka arvo on yli 1 triljoonaa dollaria Amazon
88%
Sen altaassa asui enemmän ihmisiä vuonna 1000 eKr. Niili
88%
Sen päähaarassa on pato Niili
88%
Virtaa pääosin Lännestä Itään Amazon
75%
Sen altaassa asuu enemmän ihmisiä Niili
75%
On syvempi Amazon
63%
On delfineejä Amazon
63%
Sen päähaaran yli on siltoja Niili
50%
Sen varrella sijaitsee enemmän valtioiden pääkaupunkeja Niili
38%
On krokotiilejä Niili
38%
On saanut nimensä Kreikkalaisen legendan mukaan Amazon
13%
Ehtoja vastaavia visoja ei löytynyt
Tulosjakauma
Jokaisen tuloksen saaneiden osuus
Persentiili vastausten määrän mukaan
Tuloshistoriasi
Et ole pelannut tätä visaa